000 00660nam a22002177a 4500
003 UA-OsUOA
001 68308
007 ta
008 20100415b un ||||| |||| 00| 0 ukr d
100 _aДробот Г.А.
090 _a330
_bД75
942 _cSA
040 _aUA-OsUOA
_brus
_cUA-OsUOA
_dUA-OsUOA
245 _aЭкономические факторы мировой политики: международная торговля
300 _aС.35-55
955 _a0
041 _arus
080 _a330
773 0 _w68306
_tСоциально-гуманитарные знания
_dМ.
_d0
_g0
650 7 _a330 Економіка взагалі
_2UDC
999 _c354550
_d354550